Epistolario Unamuno-Dr.Turró (Record no. 622270)

000 -CABECERA
Campo de control de longitud fija 00438nab a2200145Ia 4500
003 - IDENTIFICADOR DEL NÚMERO DE CONTROL
Campo de control ES-SlBCS
005 - FECHA Y HORA DE LA ÚLTIMA TRANSACCIÓN
Campo de control 20210601135045.0
008 - CÓDIGOS DE INFORMACIÓN DE LONGITUD FIJA
Campo de control de longitud fija 140529s1990 xxu||||| |||| 00| 0 spa d
041 ## - CÓDIGO DE LENGUA
Código de lengua del texto/banda sonora o título independiente spa
100 1# - PUNTO DE ACCESO PRINCIPAL-NOMBRE DE PERSONA
Nombre de persona Robles Carcedo, Laureano
9 (RLIN) 5359
245 00 - MENCIÓN DE TÍTULO
Título Epistolario Unamuno-Dr.Turró
Mención de responsabilidad, etc. Laureano Robles Carcedo
600 1# - PUNTO DE ACCESO ADICIONAL DE MATERIA-NOMBRE DE PERSONA
Nombre personal Unamuno, Miguel de-Turró, Ramón
9 (RLIN) 227129
773 0# - ENLACE AL DOCUMENTO FUENTE
Título Azafea
Parte(s) relacionada(s) vol. 3, 1990, págs. 223-257
Número de control del registro relacionado Rev1056
942 ## - ENTRADA DE ELEMENTOS AGREGADOS (KOHA)
Koha [por defecto] tipo de item Artículos de revista
Holdings
Suprimido Perdido Estropeado No para préstamo Localización permanente Localización actual Localización en estantería Fecha adquisición Préstamos totales Fecha última consulta Fecha del precio de reemplazo Tipo de item de Koha
        San Esteban San Esteban Depósito de revistas 11/07/2014   11/07/2014 11/07/2014 Artículos de revista

Bibliotecas Dominicos Provincia Hispania, 2016

Con tecnología Koha